000 00652nam a22002417a 4500
003 UA-OsUOA
001 59766
007 ta
008 20090424b un ||||| |||| 00| 0 ukr d
100 _aБородулін С.
090 _a821.161.2
_bБ83
942 _cBK
040 _aUA-OsUOA
_bukr
_cUA-OsUOA
_dUA-OsUOA
245 _aДоля полісянки
_bРоман
300 _a200 с.
955 _a2
041 _aukr
080 _a821.161.2
020 _a978-966-361-141-9
260 _aЛуцьк
_bВолинська книга
_c2007
650 7 _a82 Література. Літературознавство
_2UDC
999 _c345849
_d345849